Guess the Taylor Swift Song (no hints) 187 - Statistics

General Stats
  • This quiz has been taken 60 times
  • The average score is 281 of 400
Answer Stats
Answer % Correct
a
97%
I
94%
the
94%
and
92%
And
92%
you
92%
You
92%
your
92%
be
89%
in
89%
In
89%
me
89%
my
89%
to
89%
I'm
86%
It's
86%
of
86%
on,
86%
on
86%
this
86%
we
86%
you're
86%
that
83%
like
81%
Like
81%
night,
81%
all
78%
when
78%
But
75%
middle
75%
can
72%
now
72%
Now
72%
by
69%
dream
69%
Oh,
69%
oh
69%
oh,
69%
Oh
69%
Say
69%
can't
67%
come
67%
Come
67%
we'll
67%
why
67%
here
64%
out
64%
just
61%
up
61%
tell
58%
than
56%
feel
53%
together
53%
you'd
53%
million
50%
They're
50%
day
47%
gotta
47%
gotta,
47%
know
47%
little
47%
Little
47%
name
47%
stars
47%
Untouchable
47%
Untouchable,
47%
untouchable,
47%
coming
44%
spellin'
44%
Spellin'
44%
wanna
44%
sun
42%
won't
42%
brighter
39%
side,
39%
undone
39%
burning
36%
close,
36%
close
36%
heaven
36%
spelling
36%
taste
36%
next
33%
sky
33%
wait
33%
caught
31%
diamond
31%
distant
28%
saying
25%
standing
25%
form
22%
reaching
22%
anyway
19%
full
17%
half
17%
No matching quizzes found
Score Distribution
Percent of People with Each Score
Percentile by Number Answered
Your Score History
You have not taken this quiz